000 00261nam a2200097Ia 4500
008 230907s9999||||xx |||||||||||||| ||und||
082 _a363.7363,REC
245 0 _aRecent trends in modelling of environmental contaminants/
300 _axiv, 243 p.:
942 _cBK
999 _c597830
_d597830